000 00836nam a2200229 a 4500
999 _c11440
_d11440
001 11440
003 BD-JhCC
005 20221018134024.0
008 190916s20142019bg |||| ||a| 000 0 ben d
035 _a(BD-JhCC)11440
040 _aBD-JhCC
_dBD-JhCC
041 _aben
082 _a330
_bSOH 2019
100 _aসোহরাওয়ার্দী, মো:
245 _aঅর্থনীতি দ্বিতীয় পত্র একাদশ-দ্বাদশ শ্রেণী /
_cমো: সোহরাওয়ার্দী, দিলারা আরজু ।
260 _aঢাকা :
_bঅক্ষর পত্র প্রকাশনী,
_c২০১৯.
300 _a496 p. :
_c23 cm.
650 _aEconomics
700 _aআরজু ,দিলারা
942 _2ddc
_cBK
_08